[Event "Titled Tue 10th Jun Late"]
[Site "chess.com INT"]
[Date "2025.06.10"]
[Round "5"]
[White "Esipenko, Andrey"]
[Black "Nigalidze, Gaioz"]
[Result "1-0"]
[WhiteTitle "GM"]
[BlackTitle "IM"]
[WhiteElo "2689"]
[BlackElo "2368"]
[WhiteFideId "24175439"]
[BlackFideId "13603078"]
[EventDate "2025.06.10"]

1. b3 e5 2. Bb2 Nc6 3. Nf3 e4 4. Nd4 Nxd4 5. Bxd4 Nf6 6. c4 c6 7. e3 Be7 8. Nc3
d5 9. cxd5 cxd5 10. Be2 O-O 11. O-O Be6 12. f3 exf3 13. Bxf3 Qd7 14. Qe1 Rfd8
15. Rc1 b6 16. Qg3 Ne8 17. Bh5 Rac8 18. Rf2 Bd6 19. Qf3 g6 20. Rcf1 gxh5 21.
Qxh5 Ng7 22. Qh6 Bf8 23. Bf6 Rc6 24. Qg5 Re8 25. Ne2 d4 26. Nxd4 Rc5 27. Qg3 Rh5
28. Bg5 Qd5 29. Bf4 Qd8 30. h3 Qh4 31. Qh2 Rd5 32. Bg3 Qh5 33. Bf4 Bc5 34. Nf3
Be7 35. d4 Qg6 36. Ne5 Qe4 37. Qg3 f6 38. Bh6 Bf8 39. Rxf6 Rxe5 40. Rxf8+ 1-0

[Event "Titled Tue 10th Jun Late"]
[Site "chess.com INT"]
[Date "2025.06.10"]
[Round "5"]
[White "Santos, Antonio P"]
[Black "Povshednyi, Ivan"]
[Result "0-1"]
[WhiteTitle "FM"]
[BlackTitle "FM"]
[WhiteElo "2165"]
[BlackElo "2309"]
[WhiteFideId "1900161"]
[BlackFideId "14190907"]
[EventDate "2025.06.10"]

1. d4 Nf6 2. c4 e6 3. g3 Nc6 4. Bg2 Bb4+ 5. Bd2 Qe7 6. Nf3 Bxd2+ 7. Nbxd2 O-O 8.
O-O d6 9. Qc2 a5 10. a3 e5 11. d5 Nb8 12. e4 Na6 13. Ne1 c6 14. Nd3 Bd7 15. Rac1
cxd5 16. cxd5 Rfc8 17. Qb3 b5 18. Rxc8+ Rxc8 19. Rc1 Rxc1+ 20. Nxc1 Qd8 21. Qc2
g6 22. Nd3 Qb6 23. h3 h5 24. Qc3 a4 25. Nb4 Nc5 26. Qe3 Qc7 27. Nb1 Kg7 28. Nc3
Nb3 29. Kh2 Nd4 30. Qd3 Qc5 31. Nc2 Nxc2 32. Qxc2 b4 33. axb4 Qxb4 34. Qd2 Qc5
35. Bf3 h4 36. g4 Nh7 37. Kg2 Qb4 38. Qc1 Qb6 39. Bd1 Qd4 40. Qe3 Qb4 41. Qd2 f6
42. Be2 Nf8 43. Qc2 g5 44. Bd1 Ng6 45. Nxa4 Nf4+ 46. Kh2 Qe1 47. Nb6 Qf1 48. f3
Qxh3+ 49. Kg1 Qg3+ 50. Kf1 Bb5+ 51. Nc4 h3 0-1

[Event "Titled Tue 10th Jun Late"]
[Site "chess.com INT"]
[Date "2025.06.10"]
[Round "5"]
[White "Stojanovski, Sandi"]
[Black "Lazaro Azcutia, Miguel"]
[Result "1-0"]
[WhiteTitle "FM"]
[BlackTitle "CM"]
[WhiteElo "2169"]
[BlackElo "2275"]
[WhiteFideId "1403249"]
[BlackFideId "54538254"]
[EventDate "2025.06.10"]

1. d3 d5 2. Nf3 Nf6 3. g3 b6 4. Bg2 Bb7 5. O-O e6 6. e4 dxe4 7. Ng5 Nbd7 8. Nc3
Be7 9. Re1 O-O 10. Ngxe4 Qc8 11. d4 Nxe4 12. Nxe4 Nf6 13. Bg5 Nd5 14. Qh5 Bxg5
15. Nxg5 Nf6 16. Qh4 Bxg2 17. Kxg2 Qb7+ 18. Kg1 Rad8 19. c3 h6 20. Ne4 Nxe4 21.
Rxe4 g5 22. Rg4 f5 23. Qxh6 fxg4 24. Qg6+ Kh8 25. Qh6+ Kg8 26. Re1 Rd6 27. Qg6+
Kh8 28. Qh6+ Kg8 29. Qxg5+ Kf7 30. Qxg4 Ke7 31. Re5 Qf3 32. Qg7+ Rf7 33. Qg5+
Kd7 34. Qd2 Qg4 35. Re3 Qh5 36. h4 Rg7 37. Qe1 Qxh4 38. Re4 Qf6 39. Rf4 Qg6 40.
Qe5 1-0

[Event "Titled Tue 10th Jun Late"]
[Site "chess.com INT"]
[Date "2025.06.10"]
[Round "5"]
[White "Guliev, Gasan"]
[Black "Mafra, Kaiser Luiz"]
[Result "0-1"]
[WhiteTitle "CM"]
[BlackTitle "CM"]
[WhiteElo "2123"]
[BlackElo "2076"]
[WhiteFideId "34165638"]
[BlackFideId "2106698"]
[EventDate "2025.06.10"]

1. c4 e5 2. a3 d5 3. cxd5 c6 4. d4 Qxd5 5. Nf3 exd4 6. Qxd4 Nf6 7. Nc3 Qxd4 8.
Nxd4 Bc5 9. Nb3 Bb6 10. e3 Be6 11. Nd4 Bxd4 12. exd4 Nbd7 13. h3 O-O-O 14. Be3
Nb6 15. Be2 Nc4 16. b4 Nxe3 17. fxe3 Nd5 18. Kd2 Rhe8 19. Bf3 Nxc3 20. Kxc3 Bd5
21. Rhe1 Rd6 22. e4 Be6 23. Rad1 f6 24. h4 Kc7 25. Re2 Bf7 26. g3 h6 27. e5 fxe5
28. Rxe5 Rxe5 29. dxe5 Rxd1 30. Bxd1 Kd7 31. Kd4 Bd5 32. Bg4+ Be6 33. Bf3 Bf5
34. a4 Kc7 35. a5 b6 36. Be2 Kd7 37. Bc4 Be6 38. Bd3 Bd5 39. b5 Ke6 40. a6 c5+
41. Ke3 Kxe5 42. Bg6 Bc4 43. Be8 g5 44. hxg5 hxg5 45. Bc6 Kd6 46. Be8 Be6 47.
Bc6 Bd7 48. Bxd7 Kxd7 49. Ke4 Kd6 50. Kf5 c4 51. Kxg5 c3 52. Kf6 c2 53. g4 c1=Q
54. g5 Qc3+ 0-1

[Event "Titled Tue 10th Jun Late"]
[Site "chess.com INT"]
[Date "2025.06.10"]
[Round "5"]
[White "Wu, Derek"]
[Black "Fernandes, Rogerio Paulo Muller"]
[Result "1-0"]
[WhiteTitle "FM"]
[WhiteElo "2232"]
[BlackElo "2241"]
[WhiteFideId "30914558"]
[BlackFideId "2101599"]
[EventDate "2025.06.10"]

1. d4 Nf6 2. c4 c5 3. d5 b5 4. cxb5 a6 5. bxa6 Bxa6 6. Nc3 d6 7. e4 Bxf1 8. Kxf1
Nbd7 9. g3 g6 10. Kg2 Bg7 11. Nf3 O-O 12. a4 Ra6 13. Ra3 Qa8 14. h3 e6 15. Re1
exd5 16. exd5 Re8 17. Rxe8+ Nxe8 18. Bf4 h6 19. h4 Kh7 20. Qd3 Nc7 21. Nb5 Nxb5
22. axb5 Rxa3 23. bxa3 Bf8 24. h5 Nb6 25. hxg6+ fxg6 26. Kg1 Qxd5 27. Qe2 c4 28.
Nd2 c3 29. Ne4 Bg7 30. Nxd6 Qb3 31. Ne8 Qf7 32. Nxg7 Qxg7 33. Be5 Qe7 34. f4 Nd5
35. Qc4 Qe6 36. Kg2 h5 37. Kf2 h4 38. gxh4 Kh6 39. Qc6 Qf7 40. Qc8 Nxf4 41. Qh8+
Qh7 42. Bxf4+ 1-0

[Event "Titled Tue 10th Jun Late"]
[Site "chess.com INT"]
[Date "2025.06.10"]
[Round "5"]
[White "Lira, Suan Bruno Fernandes"]
[Black "Harish, Neeraj"]
[Result "1-0"]
[BlackTitle "CM"]
[WhiteElo "2163"]
[BlackElo "2192"]
[WhiteFideId "22794620"]
[BlackFideId "30958130"]
[EventDate "2025.06.10"]

1. e4 c6 2. d4 d5 3. Nc3 dxe4 4. Nxe4 Nf6 5. Nxf6+ exf6 6. c3 Bd6 7. Bd3 O-O 8.
Qc2 Re8+ 9. Ne2 h5 10. O-O h4 11. h3 Nd7 12. Be3 Nf8 13. Rfe1 Bc7 14. Rad1 Be6
15. c4 Rc8 16. Nc3 Qd6 17. f4 g6 18. Qf2 f5 19. Qxh4 Bd8 20. Qf2 Bf6 21. Bf1 Bg7
22. d5 cxd5 23. Nxd5 Bxd5 24. Rxd5 Qc7 25. b3 b6 26. g3 Ne6 27. Bg2 Rcd8 28.
Red1 Rxd5 29. Bxd5 Nc5 30. Kh2 Ne4 31. Qf3 Bf6 32. Bd4 Kg7 33. Bxf6+ Nxf6 34.
Rd2 Qc5 35. Kg2 Re3 36. Qf2 Ne4 37. Bxe4 fxe4 38. Rd5 Rf3 39. Rxc5 Rxf2+ 40.
Kxf2 bxc5 41. g4 f5 42. Ke3 a5 43. a3 Kf7 44. h4 1-0

[Event "Titled Tue 10th Jun Late"]
[Site "chess.com INT"]
[Date "2025.06.10"]
[Round "5"]
[White "Hariharan, Shambavi"]
[Black "Thiel, Thomas"]
[Result "1-0"]
[WhiteTitle "WCM"]
[BlackTitle "FM"]
[WhiteElo "1936"]
[BlackElo "2170"]
[WhiteFideId "488160"]
[BlackFideId "4615964"]
[EventDate "2025.06.10"]

1. d4 Nf6 2. c4 g6 3. Nf3 Bg7 4. Nc3 d5 5. Bg5 Ne4 6. cxd5 Nxg5 7. Nxg5 e6 8. h4
exd5 9. e3 O-O 10. Be2 c6 11. Nf3 h6 12. Qb3 a5 13. a4 b6 14. Bd3 Ba6 15. Bxa6
Nxa6 16. Ne2 Nb4 17. Ng3 Qd7 18. O-O Rfe8 19. Rac1 Rac8 20. Rfd1 Qg4 21. Nf1 Bf6
22. N1h2 Qe6 23. Nf1 Kg7 24. Ne1 Bxh4 25. Nd3 Be7 26. Nxb4 Bxb4 27. Ng3 Red8 28.
Qd3 c5 29. Qb5 c4 30. Ne2 Qc6 31. Qxc6 Rxc6 32. Nf4 g5 33. Nd3 Bd6 34. Rc2 b5
35. axb5 Rb6 36. Nc5 Rxb5 37. Na4 Rdb8 38. Rb1 Rb4 39. Nc3 a4 40. Nxd5 a3 41.
Nxb4 Rxb4 42. Rc3 Rxb2 43. Ra1 Rb4 44. Rcxa3 1-0

[Event "Titled Tue 10th Jun Late"]
[Site "chess.com INT"]
[Date "2025.06.10"]
[Round "5"]
[White "Avramidou, Anastasia"]
[Black "Medina Paz, Miguel"]
[Result "1-0"]
[WhiteTitle "FM"]
[BlackTitle "IM"]
[WhiteElo "2294"]
[BlackElo "2368"]
[WhiteFideId "4239873"]
[BlackFideId "7300379"]
[EventDate "2025.06.10"]

1. Nf3 Nf6 2. d4 g6 3. c4 Bg7 4. Nc3 O-O 5. e4 d6 6. Be2 e5 7. dxe5 dxe5 8. Qxd8
Rxd8 9. Bg5 Re8 10. O-O-O Nbd7 11. h3 c6 12. Be3 Bf8 13. a3 Nb6 14. Kc2 Be6 15.
Nxe5 Nxe4 16. Nxe4 Bf5 17. Bd3 Bxe4 18. Bxe4 Rxe5 19. Bd3 Bc5 20. Bxc5 Rxc5 21.
b4 Re5 22. Rhe1 Rae8 23. Rxe5 Rxe5 24. Kc3 c5 25. Rd2 Kf8 26. Be2 Ke7 27. Bf3
Rf5 28. Bxb7 Rf4 29. Bd5 Nxd5+ 30. Rxd5 cxb4+ 31. axb4 Rxf2 32. Ra5 Rxg2 33.
Rxa7+ Ke6 34. b5 Rg1 35. Kb2 Rg2+ 36. Kb3 Rg1 37. Kb4 f5 38. Kc5 f4 39. Ra3 Rg3
40. Ra1 Kd7 41. b6 f3 42. Rb1 Rg5+ 43. Kd4 Kc8 44. Ke3 Rf5 45. Kf2 Kb7 46. Rb3
h6 47. Re3 Rf6 48. c5 Rf5 49. Re7+ Kc6 50. Rc7+ Kd5 51. b7 Rf8 52. Rc8 Rxc8 53.
bxc8=Q 1-0

[Event "Titled Tue 10th Jun Late"]
[Site "chess.com INT"]
[Date "2025.06.10"]
[Round "5"]
[White "Matinian, Nikita"]
[Black "Shafer, Logan C"]
[Result "1-0"]
[WhiteTitle "GM"]
[BlackTitle "CM"]
[WhiteElo "2421"]
[BlackElo "2217"]
[WhiteFideId "24129100"]
[BlackFideId "30993342"]
[EventDate "2025.06.10"]

1. e4 e5 2. Nf3 Nc6 3. Bb5 Nf6 4. d3 Bc5 5. Bxc6 dxc6 6. Nbd2 Nd7 7. Nc4 f6 8.
Be3 Bxe3 9. Nxe3 Nc5 10. Nh4 Be6 11. Qh5+ Bf7 12. Qg4 Ne6 13. Nhf5 g6 14. Nh6
Qe7 15. O-O O-O-O 16. a4 Kb8 17. a5 Nf4 18. Nxf7 Qxf7 19. a6 b6 20. g3 Ne6 21.
f4 Qe7 22. fxe5 fxe5 23. Kh1 Rhf8 24. Nc4 Nd4 25. c3 Nb3 26. Rad1 Nc5 27. Rxf8
Rxf8 28. Qh4 g5 29. Qh6 Rf6 30. Qxg5 Nxa6 31. Qxe5 Qf8 32. Ne3 Nc5 33. Nf5 Re6
34. Qg7 Qd8 35. Nd4 Rf6 36. e5 Qd5+ 37. Kg1 Rf7 38. Nxc6+ Qxc6 39. Qxf7 Qa4 40.
Qf8+ Kb7 41. Qf3+ Ka6 42. d4 Ne6 43. d5 Nc5 44. d6 cxd6 45. exd6 Qc2 46. d7 Nxd7
47. Rxd7 Qxb2 48. Qd3+ Ka5 49. Rxa7# 1-0

[Event "Titled Tue 10th Jun Late"]
[Site "chess.com INT"]
[Date "2025.06.10"]
[Round "5"]
[White "Garcia, Jhoel"]
[Black "Hungaski, Robert"]
[Result "1-0"]
[WhiteTitle "IM"]
[BlackTitle "GM"]
[WhiteElo "2293"]
[BlackElo "2477"]
[WhiteFideId "3801110"]
[BlackFideId "2021030"]
[EventDate "2025.06.10"]

1. e4 e6 2. d4 d5 3. e5 Ne7 4. c3 b6 5. g3 Qd7 6. Ne2 c5 7. h4 Ba6 8. Bh3 Nbc6
9. Be3 Nf5 10. O-O cxd4 11. cxd4 Bxe2 12. Qxe2 Ncxd4 13. Bxd4 Nxd4 14. Qd3 Nc6
15. Nc3 Bb4 16. Rac1 Bxc3 17. Rxc3 O-O 18. Rfc1 Rfc8 19. Qc2 Ne7 20. Rc7 Qd8 21.
Bf1 d4 22. Bd3 h6 23. Be4 Rab8 24. Bd3 a5 25. a4 Rxc7 26. Qxc7 Qxc7 27. Rxc7 Nd5
28. Rd7 Rc8 29. Be4 g5 30. hxg5 hxg5 31. Bxd5 exd5 32. Rxd5 Rc4 33. b3 Rb4 34.
Kf1 Rxb3 35. Rxd4 Kg7 36. f4 gxf4 37. gxf4 Kg6 38. Rd6+ Kg7 39. Rd7 Kg6 40. Rd6+
Kg7 41. Ke2 Rb4 42. Ke3 Kh7 43. f5 Kg7 44. Rd7 Kf8 45. f6 Ke8 46. Rb7 Rxa4 47.
Rxb6 Kd7 48. Rb7+ Ke6 49. Re7+ Kf5 50. Kd3 1-0

[Event "Titled Tue 10th Jun Late"]
[Site "chess.com INT"]
[Date "2025.06.10"]
[Round "5"]
[White "Perez, Maximiliano"]
[Black "Anandh, Vijay Srinivas"]
[Result "1-0"]
[WhiteTitle "IM"]
[WhiteElo "2362"]
[BlackElo "2011"]
[WhiteFideId "117234"]
[BlackFideId "30975794"]
[EventDate "2025.06.10"]

1. e4 e5 2. Nf3 Nc6 3. g3 Nf6 4. d3 d5 5. exd5 Nxd5 6. Bg2 Be6 7. O-O Bd6 8.
Nbd2 O-O 9. Nc4 f6 10. Re1 Bf7 11. d4 exd4 12. Nxd4 Nxd4 13. Qxd4 Be7 14. c3 c6
15. Ne3 Nxe3 16. Bxe3 Qxd4 17. Bxd4 Rfe8 18. b3 Bd6 19. Rad1 Bc7 20. Rxe8+ Bxe8
21. Bh3 Bb6 22. Be6+ Kf8 23. Bxb6 axb6 24. a4 Ke7 25. Bc4 Rd8 26. Re1+ Kf8 27.
Ra1 Bf7 28. Bxf7 Kxf7 29. a5 bxa5 30. Rxa5 Ke7 31. Ra7 Rd7 32. Kf1 Kd6 33. Ke2
Ke6 34. Ke3 g6 35. Ra8 Kd6 36. f4 Re7+ 37. Kd3 Rd7 38. Re8 Kc5+ 39. Ke3 Kd6 40.
b4 Re7+ 41. Rxe7 Kxe7 42. Kd4 Kd6 43. c4 b6 44. g4 f5 45. g5 Ke6 46. c5 b5 47.
h3 Kd7 48. Ke5 Ke7 49. h4 Kd7 50. Kf6 Ke8 51. Kg7 Ke7 52. Kxh7 Kf7 53. Kh6 Ke6
54. Kxg6 Kd5 55. h5 Kc4 56. h6 1-0

[Event "Titled Tue 10th Jun Late"]
[Site "chess.com INT"]
[Date "2025.06.10"]
[Round "5"]
[White "Garcia Cuenca, Victor"]
[Black "Papacek, Stepan"]
[Result "1-0"]
[WhiteTitle "FM"]
[BlackTitle "FM"]
[WhiteElo "2284"]
[BlackElo "2225"]
[WhiteFideId "2250829"]
[BlackFideId "301035"]
[EventDate "2025.06.10"]

1. d3 e6 2. Nd2 d5 3. e4 Nf6 4. Ngf3 Nc6 5. e5 Nd7 6. d4 f6 7. exf6 Qxf6 8. Nb3
Bd6 9. Bg5 Qf7 10. Bh4 h6 11. Bg3 O-O 12. Be2 e5 13. dxe5 Ndxe5 14. O-O Be6 15.
Nbd4 Nxf3+ 16. Bxf3 Nxd4 17. Qxd4 Bxg3 18. hxg3 c6 19. Rae1 Bf5 20. Re2 Rfe8 21.
Rxe8+ Rxe8 22. c3 a6 23. a4 Qf6 24. Qb6 Qe7 25. a5 Bc8 26. Bh5 Rf8 27. Qd4 Qf6
28. Qd2 Qf5 29. Bd1 Re8 30. Bc2 Qf7 31. Qd3 g5 32. Qd2 Bf5 33. Bd1 Qe6 34. Qd4
Bg6 35. Bf3 Re7 36. Rd1 Qe5 37. Qc5 h5 38. c4 g4 39. Bxd5+ cxd5 40. cxd5 Rd7 41.
Qc8+ Qe8 42. Qc4 Rd6 43. Qf4 Qf8 44. Qe5 1-0

[Event "Titled Tue 10th Jun Late"]
[Site "chess.com INT"]
[Date "2025.06.10"]
[Round "5"]
[White "Firouzja, Alireza"]
[Black "Le, Tuan Minh"]
[Result "0-1"]
[WhiteTitle "GM"]
[BlackTitle "GM"]
[WhiteElo "2766"]
[BlackElo "2598"]
[WhiteFideId "12573981"]
[BlackFideId "12401153"]
[EventDate "2025.06.10"]

1. e4 e5 2. Nf3 Nc6 3. Bc4 Bc5 4. c3 Nf6 5. b4 Bb6 6. d3 d6 7. Nbd2 O-O 8. Bb3
Ne7 9. Nc4 Ng6 10. a4 c6 11. Nxb6 axb6 12. O-O h6 13. Re1 Re8 14. h3 d5 15. exd5
Nxd5 16. Bd2 Bf5 17. d4 e4 18. Nh2 Ndf4 19. Re3 Be6 20. Bc2 f5 21. Rg3 Bc4 22.
Kh1 Qd6 23. Nf1 Be2 24. Qe1 Bd3 25. Bb3+ Kh7 26. Ne3 Qf6 27. Bd1 b5 28. a5 Rf8
29. Nf1 Nd5 30. Nh2 f4 31. Rxd3 exd3 32. Qf1 Nh4 33. Qxd3+ Qg6 34. Bc2 Qxd3 35.
Bxd3+ Kh8 36. Ng4 g5 37. Ne5 Kg7 38. c4 bxc4 39. Bxc4 Nf5 40. b5 Nd6 41. Bxd5
cxd5 42. Bb4 Rfd8 43. Bxd6 Rxd6 44. Rc1 Rxa5 45. Rc7+ Kf6 46. Rxb7 Ra4 47. Nf3
h5 48. Rb8 g4 49. hxg4 hxg4 50. Ne5 g3 51. fxg3 fxg3 52. Nf3 Kf5 53. Rf8+ Rf6 0-1

[Event "Titled Tue 10th Jun Late"]
[Site "chess.com INT"]
[Date "2025.06.10"]
[Round "5"]
[White "Bacus, Dharim"]
[Black "Asish Panda"]
[Result "1-0"]
[WhiteTitle "FM"]
[WhiteElo "2131"]
[BlackElo "1911"]
[WhiteFideId "5201527"]
[BlackFideId "45012458"]
[EventDate "2025.06.10"]

1. e4 e6 2. d4 d5 3. Nd2 c5 4. Ngf3 cxd4 5. Nxd4 Nc6 6. Bb5 Bd7 7. Nxc6 bxc6 8.
Bd3 Bd6 9. Qe2 Ne7 10. e5 Bc7 11. h4 Ng6 12. Nf3 c5 13. h5 Ne7 14. c3 h6 15. Be3
Bb6 16. Rh3 Nf5 17. Bf4 Bc6 18. g4 Ne7 19. g5 d4 20. gxh6 gxh6 21. O-O-O Nd5 22.
Be4 Nxf4 23. Bxc6+ Kf8 24. Qf1 Rc8 25. Rh4 Nd5 26. Bb7 Rb8 27. Ba6 Qe7 28. cxd4
cxd4 29. Bc4 Rc8 30. Kb1 Nb4 31. a3 Nc6 32. Qd3 Nxe5 33. Nxe5 Qxh4 34. Qf3 Qe7
35. Ng6+ Ke8 36. Nxe7 Kxe7 37. Qf4 f6 38. Bb3 e5 39. Qf5 Rc6 40. Qg6 Rhc8 41.
Qxh6 a6 42. Qg7+ Kd6 43. Qxf6+ Kc7 44. Qxe5+ Kb7 45. Bd5 Ka7 46. Bxc6 Rxc6 47.
h6 Bc7 48. Qg7 Kb6 49. h7 Bf4 50. h8=Q Bc7 51. Qc8 a5 52. Rc1 1-0

[Event "Titled Tue 10th Jun Late"]
[Site "chess.com INT"]
[Date "2025.06.10"]
[Round "5"]
[White "Beerdsen, Thomas"]
[Black "Pajcin, Lav"]
[Result "1-0"]
[WhiteTitle "GM"]
[BlackTitle "FM"]
[WhiteElo "2538"]
[BlackElo "2281"]
[WhiteFideId "1030108"]
[BlackFideId "966746"]
[EventDate "2025.06.10"]

1. e4 c5 2. Nf3 d6 3. d4 cxd4 4. Nxd4 Nf6 5. Nc3 Nc6 6. Nd5 Nxd5 7. exd5 Qa5+ 8.
Bd2 Qxd5 9. Nb5 Qe6+ 10. Be2 Qd7 11. c4 e5 12. O-O Be7 13. Be3 O-O 14. Qd2 a6
15. Nc3 Nd4 16. Bxd4 exd4 17. Nd5 Qd8 18. Qxd4 Be6 19. Bf3 Rc8 20. Rfe1 Bxd5 21.
Bxd5 Bf6 22. Qd3 Qb6 23. Rab1 Rc7 24. b4 Qd4 25. Qxd4 Bxd4 26. Re4 Bf6 27. a4 g6
28. g3 b6 29. b5 a5 30. Rbe1 Kg7 31. Kg2 Rd8 32. h4 h5 33. R1e2 Rdd7 34. Rd2 Re7
35. Rxe7 Bxe7 36. f4 Bf8 37. Kf3 Re7 38. Be4 f5 39. Bc6 Re1 40. Bd5 Kf6 41. Kf2
Re8 42. Bc6 Re6 43. Kf3 Re1 44. Kf2 Re6 45. Rd1 Kg7 46. Kf3 Kf6 47. Bd5 Re8 48.
Kf2 Kg7 49. Rd3 Kf6 50. Bf3 Kg7 51. Be2 Kf6 52. Ke1 Kg7 53. Kd2 Re4 54. Bf3 Rxc4
55. Bd1 Kf6 56. Bb3 Rc7 57. Re3 Re7 58. Rc3 d5 59. Bxd5 Rd7 60. Rd3 Bc5 61. Kc3
Rd6 62. Kc4 Bf2 63. Rf3 Bc5 64. Rf1 Rd7 65. Re1 Re7 66. Rd1 Re2 67. Bc6 Rc2+ 68.
Kb3 Rf2 69. Rd3 Re2 70. Kc4 Re3 71. Rd7 Re1 72. Bd5 Re7 73. Rd8 Kg7 74. Rg8+ Kh7
75. Rc8 Re3 76. Rxc5 bxc5 77. b6 Re1 78. Bc6 Rb1 79. Bb5 Re1 80. b7 Rc1+ 81. Kb3
c4+ 82. Kb2 1-0

[Event "Titled Tue 10th Jun Late"]
[Site "chess.com INT"]
[Date "2025.06.10"]
[Round "5"]
[White "Radchenko, Alexey"]
[Black "Lyakh, Vasiliy"]
[Result "1-0"]
[WhiteTitle "FM"]
[WhiteElo "2290"]
[BlackElo "2123"]
[WhiteFideId "4192362"]
[BlackFideId "14189828"]
[EventDate "2025.06.10"]

1. d4 Nf6 2. Nd2 d5 3. Ngf3 Bf5 4. e3 e6 5. Bd3 Bd6 6. O-O O-O 7. Qe2 Ne4 8. c4
c6 9. a3 Nd7 10. h3 Qf6 11. Rd1 Qh6 12. Nf1 Rfe8 13. b4 Nc3 14. Qc2 Nxd1 15.
Bxf5 exf5 16. Qxd1 dxc4 17. e4 Qe6 18. Ng5 Qg6 19. e5 Be7 20. Nf3 Nb6 21. Qc2 h6
22. Ne3 f4 23. Nf5 Nd5 24. Bd2 c3 25. Be1 a5 26. bxa5 Rxa5 27. Rb1 b5 28. Rb3
Ra4 29. Bxc3 Rc4 30. Nxe7+ Rxe7 31. Qxg6 fxg6 32. Bb4 Nxb4 33. axb4 Ra7 34. d5
cxd5 35. Rd3 Rd7 36. Nd4 Re7 37. e6 g5 38. Kh2 Re8 39. Nxb5 Rxe6 40. Rxd5 Rxb4
41. Nd4 Re4 42. Nf5 Rb7 43. Rd8+ Kh7 44. Nd6 Rbe7 45. Nxe4 Rxe4 46. f3 Re2 47.
Rd6 Kg8 48. Rd7 Kf8 49. Ra7 Re7 50. Ra6 Kf7 51. h4 gxh4 52. Kh3 Re6 53. Ra7+ Re7
54. Ra6 Re2 55. Rb6 Kg8 56. Rb4 g5 57. Rb7 Re1 58. Kg4 Rg1 59. Rb2 Rf1 60. Kh5
Rg1 61. Kxh6 g4 62. fxg4 Kf7 63. g5 Ke6 64. g6 f3 65. gxf3 h3 66. g7 Rg2 67.
Rxg2 1-0

[Event "Titled Tue 10th Jun Late"]
[Site "chess.com INT"]
[Date "2025.06.10"]
[Round "5"]
[White "Shearsby, Jude"]
[Black "Harshal, Shahi"]
[Result "1-0"]
[WhiteTitle "CM"]
[BlackTitle "FM"]
[WhiteElo "2160"]
[BlackElo "2143"]
[WhiteFideId "462527"]
[BlackFideId "5048257"]
[EventDate "2025.06.10"]

1. c3 d5 2. d4 Bf5 3. Bf4 c6 4. e3 Nf6 5. Nf3 e6 6. Nbd2 Bd6 7. Qb3 Bxf4 8. exf4
Qb6 9. Ne5 Nbd7 10. Ndf3 Be4 11. Be2 c5 12. Qa4 Qxb2 13. Rd1 Bc2 14. Qb5 Qxb5
15. Bxb5 Bxd1 16. Nxd7 Nxd7 17. Ne5 Bc2 18. Nxd7 a6 19. Nb6+ axb5 20. Nxa8 Kd7
21. Nb6+ Kc6 22. dxc5 Rd8 23. Kd2 Be4 24. f3 Kxc5 25. fxe4 dxe4+ 26. Ke3 Kxb6
27. Rb1 Rd3+ 28. Kxe4 Rxc3 29. a4 Rc4+ 30. Ke5 Rxa4 31. g3 Ra2 32. h4 Rc2 33.
Kd6 Rc3 34. g4 Rg3 35. g5 Rg4 36. h5 Rxf4 37. Ke7 Rf5 38. Rg1 b4 39. Kf8 g6 40.
h6 f6 41. gxf6 Rxf6+ 42. Kg7 Rf2 43. Kxh7 b3 44. Kxg6 b2 45. Rh1 1-0

[Event "Titled Tue 10th Jun Late"]
[Site "chess.com INT"]
[Date "2025.06.10"]
[Round "5"]
[White "Lacasa Diaz, Josep Anton"]
[Black "Qi, Jenny"]
[Result "1/2-1/2"]
[WhiteTitle "IM"]
[BlackTitle "WFM"]
[WhiteElo "2315"]
[BlackElo "1946"]
[WhiteFideId "2203375"]
[BlackFideId "30995914"]
[EventDate "2025.06.10"]

1. e4 c5 2. Nf3 d6 3. Bb5+ Bd7 4. Bxd7+ Nxd7 5. O-O Ngf6 6. Qe2 e6 7. c4 Be7 8.
b3 O-O 9. Bb2 e5 10. Nc3 Nb8 11. Ne1 Nc6 12. Nc2 Nd4 13. Nxd4 cxd4 14. Nd5 Nxd5
15. exd5 Bf6 16. d3 Re8 17. Ba3 g6 18. Rae1 Bg7 19. Qd2 Qd7 20. Re2 Rad8 21.
Rfe1 Qf5 22. f4 Bh6 23. g3 Qg4 24. Qd1 Bxf4 25. Rxe5 Qxd1 26. Rxe8+ Rxe8 27.
Rxd1 Be5 28. Re1 Rd8 29. Kg2 b6 30. Bb2 f5 31. a4 a5 32. Ba3 Kg7 33. Kf3 Kf6 34.
Bc1 g5 35. h3 h5 36. g4 fxg4+ 37. hxg4 h4 38. Kg2 Kg6 39. Rf1 Rh8 40. Rf5 h3+
41. Kh1 h2 42. Rxg5+ Kf6 43. Rf5+ Kg6 44. Bf4 Bxf4 45. Rxf4 Rh3 46. Rxd4 Kg5 47.
Re4 Rxd3 48. Kxh2 Rxb3 49. Re6 Rb4 50. Rxd6 Rxc4 51. Rxb6 Rxa4 52. d6 Rd4 53.
Kg3 Rd3+ 54. Kf2 Kxg4 55. Ke2 Rd5 56. Ke3 Kf5 57. Ra6 Ke6 58. Ke4 Rxd6 59. Rxa5
Rd7 60. Rh5 Ke7 61. Ke5 Kd8 62. Rh8+ Kc7 63. Rh1 Re7+ 64. Kd5 Rd7+ 65. Kc5 Kd8
66. Rh8+ Kc7 67. Rh6 Re7 68. Rc6+ Kd7 69. Rd6+ Kc7 70. Rd5 Rd7 71. Rxd7+ Kxd7 1/2-1/2

[Event "Titled Tue 10th Jun Late"]
[Site "chess.com INT"]
[Date "2025.06.10"]
[Round "5"]
[White "Melian, Juan Sebastian"]
[Black "Haug, Havard"]
[Result "1/2-1/2"]
[WhiteTitle "FM"]
[BlackTitle "FM"]
[WhiteElo "2358"]
[BlackElo "2354"]
[WhiteFideId "3706575"]
[BlackFideId "1547887"]
[EventDate "2025.06.10"]

1. e4 c6 2. d4 d5 3. f3 g6 4. Nc3 Bg7 5. Be3 Nf6 6. e5 Nfd7 7. f4 h5 8. e6 Nf6
9. exf7+ Kxf7 10. Nf3 Bf5 11. Bd3 e6 12. Qe2 Nbd7 13. O-O-O Qa5 14. Kb1 b5 15.
Ne5+ Kg8 16. Nxc6 Qc7 17. Ne7+ Kf7 18. Nxf5 gxf5 19. Nxb5 Qb6 20. c4 dxc4 21.
Bxc4 Nd5 22. Bxd5 exd5 23. Qd3 Nf6 24. Rc1 Ne4 25. Rc7+ Kg6 26. Rhc1 Bf6 27.
R7c6 Qd8 28. Nc3 Qd7 29. Nxe4 fxe4 30. Qa6 Qf5 31. Rxf6+ Qxf6 32. Rc6 Raf8 33.
Rxf6+ Rxf6 34. Qb7 Rd8 35. Qe7 Rdd6 36. b3 Rde6 37. Qd7 Rd6 38. Qe8+ Kg7 39.
Qxh5 Rh6 40. Qe5+ Kg8 41. h3 Rhe6 42. Qg5+ Rg6 43. Qe7 Rge6 44. Qh4 Rh6 45. Qf2
a5 46. f5 Rhf6 47. Qg3+ Kf7 48. Qe5 a4 49. g4 axb3 50. axb3 Rb6 51. g5 Rfc6 52.
g6+ Rxg6 53. fxg6+ Rxg6 54. Qxd5+ Kg7 55. Qe5+ Kh7 56. Qxe4 Kg7 57. Qxg6+ Kh8
58. Kc2 1/2-1/2

[Event "Titled Tue 10th Jun Late"]
[Site "chess.com INT"]
[Date "2025.06.10"]
[Round "5"]
[White "Fadi, Marko"]
[Black "Boci, Mateu"]
[Result "1-0"]
[WhiteTitle "FM"]
[BlackTitle "FM"]
[WhiteElo "2298"]
[BlackElo "2274"]
[WhiteFideId "10605371"]
[BlackFideId "4704665"]
[EventDate "2025.06.10"]

1. b3 c5 2. Bb2 Nc6 3. Nf3 Nf6 4. e3 e6 5. c4 Be7 6. Qc2 O-O 7. Ng5 h6 8. h4
hxg5 9. hxg5 g6 10. gxf6 Bxf6 11. Nc3 d5 12. cxd5 Nb4 13. Qb1 exd5 14. a3 Nc6
15. Nxd5 Bxb2 16. Qxb2 f6 17. Nf4 Kg7 18. Bd3 Ne5 19. Bc2 Bd7 20. O-O-O Qe7 21.
d4 cxd4 22. exd4 Rac8 23. dxe5 Bf5 24. exf6+ Rxf6 25. Rd2 Bxc2 26. Rxc2 Rxc2+
27. Kxc2 Qc7+ 28. Kb1 Qxf4 29. f3 Qg5 30. Rd1 Qf5+ 31. Qc2 Qe6 32. Qc7+ Rf7 33.
Qc3+ Rf6 34. Rd4 g5 35. Re4 Qb6 36. Re7+ Kf8 37. Re2 Kg7 38. b4 a5 39. Kb2 axb4
40. axb4 Qd6 41. Rd2 Qb6 42. Rd5 Kg6 43. Qd2 Kf7 44. Rxg5 Rd6 45. Qf4+ Rf6 46.
Qc4+ Ke7 47. Rg7+ Kd6 48. Qd3+ Ke5 49. Rg5+ Ke6 50. Qd5+ Ke7 51. Rg7+ Kf8 52.
Qg8# 1-0